แสดงรายละเอียดบรรณานุกรม
  กลับหน้าหลัก

Brief Record : Get Marc (ISO 2709) : E-mail record : QR code ปิดหน้าต่าง
E-books : เกี่ยวกับ Collections
LEADER 00000nama 2200000uu 4500
001    198114
003     ULIBM
008    040531s|||| th m m a000 0 tha d
020    9789749457382
041    tha
050    WB460 ก446 2550
100    รุ้งทิพย์ พันธุเมธากุล, บรรณาธิการ.
245    การจัดการทางกายภาพบำบัดโดยใช้เทคนิคการขยับเคลื่อนระบบประสาท=Physical Therapy Management by Mobilization of the Nervous System/รศ.ดร.รุ้งทิพย์ พันธุเมธากุล และผศ.ทกมล กมลรัตน์.
250    พิมพ์ครั้งที่ 1.
260    ขอนแก่น. สายวิชากายภาพบำบัด คณะเทคนิคการแพทย์ มหาวิทยาลัยขอนแก่น. 2550.
300    162 หน้า.
600    I.มหาวิทยาลัยขอนแก่น, คณะพยาบาลศาสตร์, สายวิชากายภาพบำบัด.
650    1.กายภาพบำบัด 2.ระบบปรสาท, โรค--กายภาพบำบัด.
995    001
999    ^aใช้งานได้ทุกระบบ
รายการนี้ยังไม่มีแท็ก
คุณยังไม่ได้ล็อกอิน คุณสามารถมีกิจกรรมร่วมกับเว็บไซต์ได้ แต่ต้องล็อกอินก่อน ::
  ล็อกอิน
ลำดับที่ ประเภท เลขเรียก สถานที่ สถานะ
1. หนังสือทั่วไป
หนังสือทั่วไป
WB460 ก446 2550  
  
หนังสือทั่วไป On Shelf
  ขอยืม
2. หนังสือทั่วไป
หนังสือทั่วไป
WB460 ก446 2550  
  
หนังสือทั่วไป On Shelf
  ขอยืม
   [แสดง 2/2 รายการ]

BibComment


ยังไม่เคยถูกคอมเมนท์

คอมเมนท์ทรัพยากรรายการนี้
  คอมเมนท์: การจัดการทางกายภา..
Bib 198114

 
 
 

 Union Library Management : ULibM
Copyright 2026. All Rights Reserved.
скачать бесплатно без регистрации порно красивый секс HD Sex Hindi sex

xxx gou

xxxx

bfxxx

xxxwww

Секса Видео

xxxx

Секса Видео

detube

geilexxx

C99 Shell

worms shell

blod xxx video
Ebony Coed Rihanna Rimes Takes A Dick In Her Young Twat priyaa indian fuck anal and pusssy hardcore indian women xxx desi hardcore fucking part 1 bengalixxxcouple